Presupuesto sistemático: clave para la supervivencia de emprendimientos y Pymes (Registro nro. 3110)
[ vista simple ]
| 000 -CABECERA | |
|---|---|
| campo de control de longitud fija | 00799aam a2200277 4500 |
| 005 - FECHA Y HORA DE ACTUALIZACIÓN | |
| campo de control | 20241001145207.0 |
| 008 - LONGITUD FIJA | |
| campo de control de longitud fija | 150625b xxu||||| |||| 00| 0 spa d |
| 041 ## - IDIOMA | |
| Código de idioma del texto/pista de sonido o título separado | |
| 082 ## - CLASIFICACIÓN DECIMAL DEWEY | |
| Número de clasificación | 658.154 H568p |
| 100 ## - AUTOR PERSONAL | |
| Nombre de persona | Herrscher, Enrique |
| 245 ## - TÍTULO PROPIAMENTE DICHO | |
| Título | Presupuesto sistemático: clave para la supervivencia de emprendimientos y Pymes |
| 260 ## - PIE DE IMPRENTA | |
| Lugar de publicación, distribución, etc. | Argentina |
| Nombre del editor, distribuidor, etc. | Gránica |
| Fecha de publicación, distribución, etc. | 2013 |
| 300 ## - DESCRIPCIÓN FÍSICA | |
| Extensión | 149 páginas |
| 650 ## - Materia General | |
| Materia general | PRESUPUESTOS |
| 650 ## - Materia General | |
| Materia general | ESTRATEGIAS |
| 650 ## - Materia General | |
| Materia general | PEQUEÑA Y MEDIANA EMPRESA |
| 650 ## - Materia General | |
| Materia general | PYMES |
| 650 ## - Materia General | |
| Materia general | ETAPAS DE CAPITAL |
| 650 ## - Materia General | |
| Materia general | ETAPAS DE LA PRESUPUESTACIÓN |
| 650 ## - Materia General | |
| Materia general | PRESUPUESTOS DE INVERSIÓN |
| 650 ## - Materia General | |
| Materia general | IMPUESTOS |
| 650 #0 - Materia General | |
| Materia general | INFLACIÓN |
| 650 ## - Materia General | |
| Materia general | PRESUPUESTO BASE CERO |
| 650 ## - Materia General | |
| Materia general | PRESUPUESTO POR PROGRAMAS |
| 942 ## - Punto de Acceso Adicional Koha | |
| Tipo de ítem Koha | Libro |
| Estado perdido | Fuente de clasificación o esquema de estantería | Estado dañado | No para préstamo | Biblioteca permanente | Biblioteca actual | Signatura completa | Código de barras | Precio efectivo a partir del | Programa Académico | Tipo de ítem |
|---|---|---|---|---|---|---|---|---|---|---|
| Dewey Decimal Classification | Departamento de Biblioteca y Documentación Alfonso Chase Brenes | Departamento de Biblioteca y Documentación Alfonso Chase Brenes | 658.154 H568p | 17977 | 12/10/2016 | Libro | ||||
| Dewey Decimal Classification | Departamento de Biblioteca y Documentación Alfonso Chase Brenes | Departamento de Biblioteca y Documentación Alfonso Chase Brenes | 658.154 H568p | 23558 | 21/09/2018 | Libro | ||||
| Dewey Decimal Classification | Departamento de Biblioteca y Documentación Alfonso Chase Brenes | Departamento de Biblioteca y Documentación Alfonso Chase Brenes | 658.154 H568p | 23559 | 21/09/2018 | Libro |